000 00695nam a2200217Ia 4500
001 15475
003 GE_BSU
008 181216s||||||||xx |||||||||||||| ||und||
040 _cGE_BSU
080 _a821.353.1-31
100 _aჩიჯავაძე,ოთარ
245 _aთვითმკვლელები. წ.2
245 _bრომანი
245 _cრედ.გ.შახნაზარი. მხატვ.თ.სამსონაძე
260 _aთბილისი
260 _bსაბჭოთა საქართველო
260 _c1974
300 _a368გვ.20სმ.
653 _aთვითმკვლელები
942 _cBK
999 _c48576
_d48576